La teoría de los precios (Registro nro. 3667)
[ vista simple ]
| 000 -LEADER | |
|---|---|
| fixed length control field | 01511 a2200205 4500 |
| 001 - CONTROL NUMBER | |
| control field | 43215 |
| 005 - DATE AND TIME OF LATEST TRANSACTION | |
| control field | 20260407155716.0 |
| 008 - FIXED-LENGTH DATA ELEMENTS--GENERAL INFORMATION | |
| fixed length control field | 260407a1953 arg spa d |
| 003 - CONTROL NUMBER IDENTIFIER | |
| control field | AR-UNSa-BCEJYS |
| 040 ## - CATALOGING SOURCE | |
| Original cataloging agency | AR-UNSa-BCEJYS |
| Language of cataloging | spa |
| Transcribing agency | AR-UNSa-BCEJYS |
| 080 ## - UNIVERSAL DECIMAL CLASSIFICATION NUMBER | |
| Universal Decimal Classification number | 338.5.01 |
| Common auxiliary subdivision | Teorías de los precios<br/> |
| 041 ## - LANGUAGE CODE | |
| Language code of text/sound track or separate title | spa |
| 100 1# - MAIN ENTRY--PERSONAL NAME | |
| Personal name | Stigler, George J. |
| 245 10 - TITLE STATEMENT | |
| Title | La teoría de los precios |
| 264 #1 - PRODUCTION, PUBLICATION, DISTRIBUTION, MANUFACTURE, AND COPYRIGHT NOTICE | |
| Place of production, publication, distribution, manufacture | Madrid : |
| Name of producer, publisher, distributor, manufacturer | Revista de Derecho Privado |
| Date of production, publication, distribution, manufacture, or copyright notice | 1953 |
| 300 ## - PHYSICAL DESCRIPTION | |
| Extent | xiv, 403 p. |
| Dimensions | 22 cm. |
| 505 ## - FORMATTED CONTENTS NOTE | |
| Formatted contents note | 1. Naturaleza y métodos de la economía - 2. Conceptos básicos: Competencia, estática y dinámica y equilibrio - 3. Las funciones de un sistemna económico: El sistema de empresa - 4. Relaciones cunatitativas fundamentales - 5. La teoría de la demanda - 6. Temas de la teoría de la demanda - 7. Naturaleza de los costes y la función de producción - 8. Leyes de rendimiento y curvas de coste - 9. Formación de los precios en condiciones de competencia - 10. Formación de los precios de los servicios productivos en condiciones de competencia - 11. Naturaleza y bases de la competencia imperfecta - 12. La demanda en condiciones de competencia imperfecta - 13. Los costes y la competencia imperfecta - 14. Formación de los precios en condiciones de competencia imperfecta - 15. Formación de los precios de los servicios productivos en condiciones de competencia imperfecta - 16. Teoría de los prodcutos múltiples - 17. Capital e interés |
| 590 ## - LOCAL NOTE (RLIN) | |
| Local note | niveau_biblio:m niveau_hierar:0 |
| 942 ## - ADDED ENTRY ELEMENTS (KOHA) | |
| Koha item type | |
| Withdrawn status | Lost status | Damaged status | Not for loan | Home library | Current library | Shelving location | Date acquired | Total checkouts | Full call number | Barcode | Date last seen | Price effective from | Koha item type |
|---|---|---|---|---|---|---|---|---|---|---|---|---|---|
| Biblioteca Prof. Eusebio Cleto del Rey | Biblioteca Prof. Eusebio Cleto del Rey | 07/04/2026 | 338.5.01 S854/1953 | L23072 | 07/04/2026 | 07/04/2026 | Libro |